• 首页
  • 本馆介绍
  • 公告通知
  • 最新文献
  • 馆藏检索
  • 电子资源
  • 读者导购
  • 参考咨询
  • 我的图书馆
  • 登录
  • 详细信息显示
  • 放入我的书架
  • 预约/预借图书
  • 作者相关作品
  • 分类相关作品
  • 丛书相关作品
  • 出版社相关作品

书目信息

  • 表格格式
  • 工作单格式
  • 卡片格式
题名:
中国植物园
    
 
作者: 赵世伟 主编 ;中国植物学会 编
分册:  
出版信息: 北京   中国林业出版社  2015
页数: 322页
开本: 26cm
丛书名:
单 册:
中图分类: Q94-339
科图分类:
主题词: 植物园--zhi wu yuan--中国--文集
电子资源:
ISBN: 978-7-5038-8196-1
000 01083nam0 2200277 450
001 1650706203
005 20161227211246.01
010    @a978-7-5038-8196-1@dCNY69.00
100    @a20151203d2015 em y0chiy50 ea
101 0  @achi@eeng
102    @aCN@b110000
105    @aak a 000yy
106    @ar
200 1  @a中国植物园@Azhong guo zhi wu yuan@d= Botanical gardens of China@f中国植物学会植物园分会编辑委员会编@zeng
210    @a北京@c中国林业出版社@d2015
215    @a322页@c图@d26cm
314    @a版权页题: 赵世伟主编
320    @a有书目
330    @a本书主要内容包括: 一带一路与植物园建设 ; 生态文明建设: 植物园的进一步行动 ; 植物园的精细化管理 —— 以武汉植物园水生植物专类园为例 ; 杭州植物园槭树杜鹃园的提升建设等。
510 1  @aBotanical gardens of China@hNo.18@zeng
606 0  @a植物园@Azhi wu yuan@y中国@j文集
690    @aQ94-339@v5
701  0 @a赵世伟@Azhao shi wei@4主编
712 02 @a中国植物学会@Azhong guo zhi wu xue hui@b植物园分会编辑委员会@Bzhi wu yuan fen hui bian ji wei yuan hui@4编
801  0 @aCN@b人天书店@c20151203
905    @aBZT@dQ94-339@e8
    
    中国植物园= Botanical gardens of China/中国植物学会植物园分会编辑委员会编.-北京:中国林业出版社,2015
    322页:图;26cm
    
    
    ISBN 978-7-5038-8196-1:CNY69.00
    本书主要内容包括: 一带一路与植物园建设 ; 生态文明建设: 植物园的进一步行动 ; 植物园的精细化管理 —— 以武汉植物园水生植物专类园为例 ; 杭州植物园槭树杜鹃园的提升建设等。
●
相关链接 在五车中查询图书 在当当中查询图书 在豆瓣中查询图书


正题名:中国植物园     索取号:Q94-339/8         预约/预借

序号 登录号 条形码 馆藏地/架位号 状态 备注
1 819470   2000819470   第二书库/ [索取号:Q94-339/8] 在馆    
2 819471   2000819471   第二书库/ [索取号:Q94-339/8] 在馆    
3 819472   2000819472   第二书库/ [索取号:Q94-339/8] 在馆    
山东省滨州职业学院图书馆 欢迎您!
大连网信软件有限公司© 版权所有